ბათუმის შოთა რუსთაველის სახელმწიფო უნივერსიტეტის ბიბლიოთეკა

Haruki Murakami Goes to Meet Hayao Kawai (ბიბ.ჩანაწერი № 63983)

000 -LEADER
fixed length control field 00507nam a22001697a 4500
005 - DATE AND TIME OF LATEST TRANSACTION
control field 20260304105550.0
008 - FIXED-LENGTH DATA ELEMENTS--GENERAL INFORMATION
fixed length control field 260304s2016 enk||||| |||| 00| 0 eng d
020 ## - INTERNATIONAL STANDARD BOOK NUMBER
International Standard Book Number 9783856307714x
041 ## - LANGUAGE CODE
Language code of text/sound track or separate title eng
080 ## - UNIVERSAL DECIMAL CLASSIFICATION NUMBER
Universal Decimal Classification number 821.521-31.03 M-96
100 ## - MAIN ENTRY--PERSONAL NAME
Personal name Murakami, Haruki
9 (RLIN) 27040
245 ## - TITLE STATEMENT
Title Haruki Murakami Goes to Meet Hayao Kawai
Statement of responsibility, etc. Haruki Murakami, Hayao Kawai.
264 ## - PRODUCTION, PUBLICATION, DISTRIBUTION, MANUFACTURE, AND COPYRIGHT NOTICE
Place of production, publication, distribution, manufacture Tokyo :
Name of producer, publisher, distributor, manufacturer Daimon Verlag,
Date of production, publication, distribution, manufacture, or copyright notice 2016.
300 ## - PHYSICAL DESCRIPTION
Extent 155 p.;
Other physical details 20 cm.
653 ## - INDEX TERM--UNCONTROLLED
keyword იაპონია
942 ## - ADDED ENTRY ELEMENTS (KOHA)
Source of classification or shelving scheme
Koha item type წიგნი
ეგზემპლარები
Withdrawn status Lost status Source of classification or shelving scheme Damaged status Not for loan Permanent Location Current Location Shelving location Date acquired Cost, normal purchase price Full call number Barcode Date last seen Copy number Uniform Resource Identifier Price effective from Koha item type Public note
          ბათუმის შოთა რუსთაველის სახელმწიფო უნივერსიტეტის მთავარი ბიბლიოთეკა ბათუმის შოთა რუსთაველის სახელმწიფო უნივერსიტეტის მთავარი ბიბლიოთეკა წიგნსაცავი 2026-03-04 10.00 821.521-31.03 M-96 73869 2026-03-04 73569 იაპონიის ელჩის საჩუქარი 2026-03-04 წიგნი 10 ლ.